| 000 | 01156nam a22003377a 4500 | ||
|---|---|---|---|
| 003 | CHAP | ||
| 005 | 20220817044446.0 | ||
| 008 | 110721s1988 es a r 00010 spa d | ||
| 010 | _a101571 | ||
| 011 | _a102543 | ||
| 020 | _a8474322847 | ||
| 035 | _a113232 | ||
| 040 | _cCHAP | ||
| 082 | 0 | 4 |
_a551.6 _bL11 |
| 100 | 1 |
_aLabeyrie, Jacques _964274 |
|
| 245 | 1 | 3 |
_aEl hombre y el clima : _bexelente síntesis entre la indagación del pasado por los métodos más avanzados y los descubrimientos científicos más actuales _c/por Jacques Labeyrie |
| 260 |
_aBarcelona : _bGedisa, _c1988 |
||
| 300 |
_a245 p. : _bilus., cuadros, gráfs., mapas |
||
| 534 |
_pTít. original : _tL'homme et le climat _cParís : Denoêl |
||
| 590 |
_aBATCH-UPD _b10 _c20130110 |
||
| 590 |
_aBATCH-UPD _b10 _c20130410 |
||
| 590 |
_aBATCH-UPD _b10 _c20130914 |
||
| 590 |
_aCONVERSION _b10 _c20130109 |
||
| 650 | 1 | 4 |
_aCambios climáticos. _917792 |
| 650 | 1 | 4 |
_aClimatología. _923864 |
| 650 | 1 | 4 |
_aClimatología _xHistoria. _923866 |
| 650 | 1 | 4 | _aMeteorología. |
| 901 | _aBK | ||
| 942 |
_cLIBRO _2ddc |
||
| 949 |
_a551.6 L11 _bBC _cLIBRO _d33724002243421 _eLIBRO _h115303 _i113232 _si |
||
| 999 |
_c101571 _d101571 |
||